|
|
|
|
| LEADER |
00000nab a2200000 a 4500 |
| 001 |
vtls000907810 |
| 003 |
SK-MaSNL |
| 005 |
20260303192259.0 |
| 008 |
040720e20011204xo 0 slo |
| 035 |
|
|
|a KE16746
|
| 040 |
|
|
|a KEVKJB
|b slo
|c KEVKJB
|e AACR2
|
| 041 |
0 |
|
|a slo
|
| 044 |
|
|
|a xo
|c SK
|
| 080 |
|
|
|a 324
|2 1981
|
| 080 |
|
|
|a 353.2
|2 1981
|
| 100 |
1 |
|
|a Gladiš, Marián,
|d 1973-
|4 aut
|9 143142
|
| 245 |
1 |
0 |
|a O županovi Košického kraja rozhodneme až v druhom kole
|b Voľby do orgánov samosprávnych krajov boli poznamenané nízkou účasťou voličov
|
| 610 |
2 |
7 |
|a Košický samosprávny kraj (Slovensko).
|b Úrad
|2 KEVKJB
|9 30611
|
| 650 |
0 |
7 |
|a regionálne voľby
|2 KEVKJB
|9 29176
|
| 650 |
0 |
7 |
|a výsledky
|2 KEVKJB
|9 493505
|
| 650 |
0 |
7 |
|a informácie
|2 KEVKJB
|9 1285
|
| 651 |
|
7 |
|a Košice (Slovensko)
|2 KEVKJB
|9 18694
|
| 651 |
|
7 |
|a KE,
|2 KEVKJB
|9 877256
|
| 655 |
|
7 |
|a periodikum
|2 snkbucl
|9 29553
|
| 710 |
2 |
|
|a Košický samosprávny kraj (Slovensko).
|b Úrad
|4 aut
|9 30611
|
| 773 |
0 |
8 |
|t Košický večer
|g Roč. 12
|g Roč. 33, č.234, 4.12.2001, s. 1,3
|
| 852 |
|
|
|a ZVYKNI
|b KIS3GCP
|
| 999 |
|
|
|c 2145321
|d 2147251
|